000 00926njm a2200277 c 4500
003 BLK
005 20240823005407.0
008 180410b bul||n||s|||||||| n|bulo|
010 _aCDD00008272000
040 _aBLK
041 _aBUL
_cBUL
_hENG
700 1 _aСимфоничен оркестър на БНР
_eизп.
_9120661
700 1 _aТумангелов, Нягул
_eдиригент
_9387968
700 1 _aMahler, Gustav
_917569
139 _aMahler, Gustav
_bM 18
245 1 0 _aSymphony № 1 in D Major "Titan" [аудио CD]
_cизп. Симфоничен оркестър на БНР; диригент Нягул Тумангелов; комп. Gustav Mahler.
257 _aBGR
260 София
_c2008
380 _a7
852 _aЦб CD 3757
_p0
856 4 _qpdf
_u
856 4 _qpdf
_u
942 _cCDD
_n0
944 _aCR
_c27.06.2014
_k
_lCRON CRON
944 _aED
_c27.06.2014
_k
999 _c227283
_d227283